000 01089nab a22001937a 4500
999 _c5804
_d5804
003 OSt
005 20260106211234.0
008 190514b xxu||||| |||| 00| 0 spa d
040 _cPJ
100 _96713
_aGortari Wirz, Emilia
245 1 0 _aMediación familiar :
_bconstruir puentes en casos de sustracción internacional de NNA /
_cEmilia Gortari Wirz.
300 _ap. 160-174
505 _aSumario: I. Introducción.— II. Aspectos relevantes de la sustracción internacional de NNA.— III. Características generales de la mediación familiar.— IV. Beneficios de la mediación en casos de sustracción internacional de NNA.— V. Desafíos de la mediación en casos de sustracción internacional de NNA.— VI. La situación en Argentina: el Proyecto Piloto.— VII. Palabras conclusivas.
505 _tSi te interesa el texto, comunicate a koha@justierradelfuego.gov.ar
650 0 _9967
_aDERECHO DE FAMILIA
650 0 _9269
_aMEDIACION
773 0 _02844
_93222
_dBuenos Aires : AbeledoPerrot, 1989-
_tDerecho de familia. N° 116 - Septiembre 2024
_z18511201
942 _2udc
_cANA